书目信息 |
| 题名: |
饮用水强化处理技术
|
|
| 作者: | 高乃云 , 严敏 , 乐林生 著 | |
| 分册: | ||
| 出版信息: | 北京 化学工业出版社 2005.06 |
|
| 页数: | 295页 | |
| 开本: | 26cm | |
| 丛书名: | ||
| 单 册: | ||
| 中图分类: | TU991.2 | |
| 科图分类: | ||
| 主题词: | 饮用水--水处理 | |
| 电子资源: | ||
| ISBN: | 7-5025-6896-4 | |
| 000 | 00957nam0 2200289 450 | |
| 001 | 010241076858 | |
| 005 | 20050925143811.81 | |
| 010 | @a7-5025-6896-4@dCNY49.00 | |
| 100 | @a20050703d2005 km y0chiy0120 ea | |
| 101 | 0 | @achi |
| 102 | @aCN@b110000 | |
| 105 | @aa a 000yy | |
| 200 | 1 | @a饮用水强化处理技术@Ayin yong shui qiang hua chu li ji shu@f高乃云, 严敏, 乐林生著@Fgao nai yun,yan min,yue lin sheng zhu |
| 210 | @a北京@c化学工业出版社@d2005.06 | |
| 215 | @a295页@c图@d26cm | |
| 300 | @a国家高技术研究发展计划专项经费资助 | |
| 312 | @a英文题名取自封面。 | |
| 320 | @a有书目。 | |
| 330 | @a本书介绍了国内外加强饮用水处理的部分经验。 | |
| 510 | @aStrengthening Treatment Technology for Drinking Water@zeng | |
| 606 | 0 | @a饮用水@x水处理 |
| 690 | @aTU991.2@v4 | |
| 701 | 0 | @a高乃云@Agao nai yun@4著 |
| 701 | 0 | @a严敏@Ayan min@4著 |
| 701 | 0 | @a乐林生@Ayue lin sheng@4著 |
| 801 | 0 | @aCN@bQSSK@c20050925 |
| 905 | @a10447@dTU991.2@eG158 | |
| 饮用水强化处理技术/高乃云, 严敏, 乐林生著.-北京:化学工业出版社,2005.06 |
| 295页:图;26cm |
| 国家高技术研究发展计划专项经费资助.-←并列题名:Strengthening Treatment Technology for Drinking Water |
| ISBN 7-5025-6896-4:CNY49.00 |
| 本书介绍了国内外加强饮用水处理的部分经验。 |
| ● |
| 相关链接 |
|
|
|
正题名:饮用水强化处理技术
索取号:TU991.2/G158
 
预约/预借
| 序号 | 登录号 | 条形码 | 馆藏地/架位号 | 状态 | 备注 |
| 1 | 571164 | 205711648 | 建筑库201/201建筑库 131排1列4层/ [索取号:TU991.2/G158] | 在馆 | |
| 2 | 571165 | 205711657 | 市政与环境工程学院资料室/101建筑库 96排4列2层/ [索取号:TU991.2/G158] | 在馆 | |
| 3 | 571166 | 205711666 | 建筑库201/201建筑库 131排1列4层/ [索取号:TU991.2/G158] | 在馆 |